Normal view
MARC view
- Michoacán
Entry Nombre Geográfico
001 - NÚMERO DE CONTROL
- campo de control: 10797
003 - IDENTIFICADOR DE NUMERO DE CONTROL
- campo de control: UPN
005 - FECHA Y HORA DE LA ÜLTIMA TRANSACCIÓN
- campo de control: 20230525204425.0
008 - DATOS DE LONGITUD FIJA
- campo de control de longitud fija: 230525nn fcznnbaba n ana |d
035 ## - NÚMERO DE CONTROL
- Número de control: UPN10000010804
040 ## - FUENTE DE CATALOGACIÓN
- Lenguaje de catalogación: spa
- Agencia de catalogación original: MX-MxUPN
151 ## - ENCABEZAMIENTO - NOMBRE GEOGRÁFICO
- Nombre geográfico: Michoacán
- Subdivisión general : Descripción y viajes
670 ## - FUENTE EN LA QUE SE LOCALIZARON DATOS
- Cita de la fuente: Escamilla González, G. Lista de encabezamientos de materia, 1978:
- Información localizada: página 567 (Michoacán -- Descripción y viajes)
902 ## - CATALOGADOR
- Catalogador: MEEG/120698
- Catalogador: VíctorGodínez/250523
